Invention that changed the world (Record no. 136335)

000 -LEADER
fixed length control field 00249nam a2200097Ia 4500
008 - FIXED-LENGTH DATA ELEMENTS--GENERAL INFORMATION
fixed length control field 220120s9999||||xx |||||||||||||| ||und||
100 ## - MAIN ENTRY--PERSONAL NAME
Personal name Siddarthan, P
9 (RLIN) 11414
245 #0 - TITLE STATEMENT
Title Invention that changed the world
260 ## - PUBLICATION, DISTRIBUTION, ETC.
Name of publisher, distributor, etc. New Delhi
300 ## - PHYSICAL DESCRIPTION
Extent 146p.
Other physical details 100
Holdings
Withdrawn status Lost status Damaged status Not for loan Collection code Home library Current library Date acquired Barcode Date last seen Price effective from Koha item type
        Mechanical Engineering Central Library Central Library 01/20/2022 GF194 01/20/2022 01/20/2022 Gift Books

Powered by Koha